000
00394nam a2200133Ia 4500
008
100328s9999 xx 000 0 und d
082
_b
74497
100
_a
केतकर शिल्पा.
245
_a
आजच विज्ञान.
260
_b
नवचैतन्य.
630
_a
आजच विज्ञान.
730
_a
आजच विज्ञान.
942
_c
BOOK
999
_c
560218
_d
560215